000 00278pab a2200121 454500
008 180718b xxu||||| |||| 00| 0 eng d
100 _aRanade, Sudhanshu
245 _aOctroi, no easy way out
650 _a Octroi
650 _aLocal Government
773 _aHindu
909 _a22700
999 _c22700
_d22700